| 000 | 02768nam a2200517 c 4500 | ||
|---|---|---|---|
| 003 | BLK | ||
| 005 | 20180422101917.0 | ||
| 008 | 180408b bul|||||r ||||||| ||bul|| | ||
| 010 | _aKNG00059490000 | ||
| 020 |
_a954-337-006-0 _bиздат.: Авангард принт |
||
| 040 | _aBLK | ||
| 041 |
_aBUL _cBUL |
||
| 072 | 7 |
_2bullib _aЯ _xАвтографи |
|
| 072 | 7 |
_2bullib _aК _xКраезнание |
|
| 080 |
_aВоенноморски флот - Персонал и организация. Служби. Части, принадлежащи към военно-морския флот - морска пехота, морскаартилерия и въздушни сили;технически служби в морския флот;санитарна служба _b359 _x(497.2=82)(091)(092)(093.3) _z359(497.2=82)(091)(092)(093.3) |
||
| 080 |
_aБългария през периода (1885-1900) _b94(497.2)"1885/1900" _x(093.3) _z94(497.2)"1885/1900"(093.3) |
||
| 080 |
_aРуска литература _b821.161.1 _x-94 _z821.161.1-94 |
||
| 080 |
_a _b929 Серебряков, Еспер Александрович _x _z929 Серебряков, Еспер Александрович |
||
| 100 | 1 |
_aСеребряков, Еспер _eпърви автор _9286267 |
|
| 700 | 1 |
_aБърчева, Мариана _eпрев. _9369159 |
|
| 139 |
_aСеребряков, Еспер _bС 34 |
||
| 245 | 1 | 0 |
_aПреживелиците на един руснак в България (1885 - 1886) _bСпомени _cЕспер Серебряков; прев. Мариана Бърчева. |
| 257 | _aRUS | ||
| 260 |
_аРусе _bАвангард принт _c2005 |
||
| 300 |
_a96 с. _bс портр. _c21 см |
||
| 380 | _a3 | ||
| 490 | 1 |
_aБиблиотека Извори _v2 |
|
| 500 | _aИзд. на Регионален ист. музей - Русе. - Офс. изд. - Съдържа и Няколко думи за историята на Дунавската флотилия. | ||
| 600 | 1 | 4 |
_aСеребряков, Еспер Александрович _9286268 |
| 650 | 4 |
_aВоенноморски флот - България - история _9249722 |
|
| 650 | 4 |
_aСеребряков, Еспер Александрович - спомени _9170878 |
|
| 653 | _aДунавска флотилия | ||
| 653 | _aистория | ||
| 653 | _aспомени | ||
| 653 | _aвоенноморски флот | ||
| 653 | _aБългария | ||
| 653 | _aвоенна история | ||
| 653 | _aЕспер Серебряков | ||
| 659 | _aК | ||
| 659 | _aЯ | ||
| 852 | _aЦб 227559 | ||
| 856 | 4 |
_qpdf _u |
|
| 856 | 4 |
_qpdf _u |
|
| 942 |
_cKNG _n0 |
||
| 944 |
_aCR _c23.05.2006 _kРенета_Константинова |
||
| 944 |
_aED _c23.02.2015 _kВаля_Йорданова |
||
| 999 |
_c55522 _d55522 |
||